Statistics for The Outsiders General Knowledge

Click here to take the quiz!

General Stats

  • This quiz has been taken 280 times
  • The average score is 15 of 19

Answer Stats

HintAnswer% Correct
Johnny wants Ponyboy to "stay ____".gold
99%
Where does Johnny die?hospital
95%
Who killed Dally?police
92%
Who did Ponyboy and Johnny go to for help?Dally
89%
What color was the Soc's mustang?blue
88%
Who does Johnny kill?Bob
87%
Who was Ponyboy's favorite brother?Sodapop
87%
What did David almost do to
Ponyboy at the park?
drown him
80%
Who is Johnny's "real" family?greasers
80%
Who was Ponyboy's favorite soc?Cherry
79%
How did Ponyboy's parents die?accident
77%
Name of the book Ponyboy read to Johnny.Gone with the Wind
76%
Why did Ponyboy run away?Darry slapped him
73%
Which Soc visited Ponyboy at his
house after the fire?
Randy
70%
Who is the author of the book?S.E. Hinton
70%
What did the Socs do to Johnny?beat him
69%
What did Pony and Cherry both cherish?sunsets
68%
Name of the mountain where Johnny
and Ponyboy hid.
Jay Mountain
45%
Whose gang was Dally closest with?Tim Shepard
38%

Score Distribution

Percentile by Number Answered

Percent of People with Each Score

Your Score History

You have not taken this quiz